| 000 | 00505nam a2200133Ia 4500 | ||
|---|---|---|---|
| 008 | 171212s9999 xx 000 0 und d | ||
| 020 | _a9781921536465 | ||
| 245 |
_ceditor Vischer, Michael P. _aPrecedence _bSocial Differentiation in the Austronesian World |
||
| 260 |
_bANU E Press _c2009 |
||
| 440 | _aComparative Austronesian Series | ||
| 650 | _aAnthropology | ||
| 650 | _aDifferentiation (Sociology) -- Social control; Social structure; Precedence | ||
| 856 | _uwww.jstor.org/stable/10.2307/j.ctt24h391 | ||
| 999 |
_c351270 _d351270 |
||